000 00435nam a2200193Ia 4500
005 20240823034536.0
008 240823s9999||||xx |||||||||||||| ||und||
020 _a978-81-264-3972-0
041 _aMALAYALAM
082 _A894.8123 Q2
100 _aSister Jesme
245 0 _aPranayasmarana
250 _a1st
260 _c2012
_b"D C Books,Kot"
500 _aYES
650 _aNovel
_bEnglish
942 _cBK
999 _c198510
_d198510